Statystyki dla Gdzie dzieci najczęściej ukrywają się podczas domowej zabawy w chowane

Kliknij tutaj aby rozwiązać quiz!

Ogólne statystyki

  • Ten quiz został rozwiązany 46 razy
  • Średni wynik to 4 z 6

Statystyki odpowiedzi

Odpowiedź% Poprawnych
W szafie
89%
Pod łóżkiem
79%
Pod stołem
68%
Za drzwiami
68%
Za firanką
42%
Pod biurkiem
29%

Rozkład punktacji

Percentyl według liczby udzielonych odpowiedzi

Procent ludzi z każdym wynikiem

Twoja historia wyników

Nie rozwiązałeś tego quizu